| 000 | 00428nam a2200145Ia 4500 | ||
|---|---|---|---|
| 008 | 220217s9999||||xx |||||||||||||| ||und|| | ||
| 020 | _a81-7808-496-1 | ||
| 082 | _a005. 73 KRU | ||
| 100 | _aKruse, Robert, L Leung, Bruce, P & Tondo, Clovis, L | ||
| 245 | 0 | _aData structures and programming design in C | |
| 250 | _a2nd | ||
| 260 |
_aPearson education asia _bDelhi _c2007 |
||
| 300 | _b295 | ||
| 650 | _aDATA STRUCTURES | ||
| 999 |
_c175476 _d175476 |
||